| 000 | 00368nam a22001337a 4500 | ||
|---|---|---|---|
| 999 |
_c130176 _d130176 |
||
| 008 | 200122b ||||| |||| 00| 0 eng d | ||
| 050 | _aDD404.M57 | ||
| 100 |
_aMitford, Nancy _949031 |
||
| 245 |
_aFrederick the Great _cNancy Mitford |
||
| 260 |
_aLondon _bHamish Hamilton _c1970 |
||
| 300 |
_a304p. ; _c25cm. |
||
| 600 |
_aFrederick 1 _949032 |
||
| 942 |
_2lcc _cMONOGRAPH |
||